Juan Pablo Duarte: biografía, faceta dinámica, ideario (Record no. 7646)

MARC details
000 -LEADER
campo de control de longitud fija 00387nam a2200133Ia 4500
001 - NÚMERO DE CONTROL
campo de control 3595
008 - DATOS DE LONGITUD FIJA--INFORMACIÓN GENERAL
campo de control de longitud fija 241024s9999 xx 000 0 und d
082 ## - NÚMERO DE LA CLASIFICACIÓN DECIMAL DEWEY
Número de clasificación RD/923.27293/P438j/2013
100 ## - ENTRADA PRINCIPAL--NOMBRE DE PERSONA
Nombre de persona José Joaquín Pérez Saviñón
245 #0 - MENCIÓN DEL TÍTULO
Título Juan Pablo Duarte: biografía, faceta dinámica, ideario
260 ## - PUBLICACIÓN, DISTRIBUCIÓN, ETC.
Nombre del editor, distribuidor, etc. Editora Alfa y Omega
Fecha de publicación, distribución, etc. 2013
901 ## - ELEMENTOS DE DATOS A LOCAL LDA (RLIN)
a 9/1/2014 12:30:05 p.m.

No items available.

© 2024. Todos los Derechos Reservados. Desarrollado por IDEICE